ZAYN Charting Songs (Billboard Hot 100) - Statistics

General Stats
  • This quiz has been taken 185 times
    14 since last reset
  • The average score is 5 of 9
Answer Stats
Album Weeks On Peak Artist(s) Song % Correct
Mind of Mine 24 Weeks #1 (1 Week) ZAYN PILLOWTALK
100%
Icarus Falls (Japanese Edition) 17 Weeks #44 ZAYN ft. Sia Dusk Till Dawn
92%
Fifty Shades Darker 23 Weeks #2 ZAYN & Taylor Swift I Don't Wanna Live Forever
83%
Non-Album Single 1 Week #72 Jisoo & ZAYN Eyes Closed
58%
Icarus Falls (Japanese Edition) 3 Weeks #66 ZAYN ft. PARTYNEXTDOOR Still Got Time
50%
Mind of Mine 1 Week #59 ZAYN iT's YoU
42%
Icarus Falls 1 Week #73 ZAYN Let Me
42%
Mind of Mine (Deluxe Edition) 3 Weeks #55 ZAYN LIKE I WOULD
33%
Nobody's Listening 1 Week #89 ZAYN Better
25%
No matching quizzes found
Score Distribution
Percent of People with Each Score
Percentile by Number Answered
Your Score History
You have not taken this quiz since the last reset